Statistiques concernant Nommez une ville #1

Cliquez ici pour prendre le quiz!

Statistiques générales

  • Ce quiz a été pris 362 fois
  • Le résultat moyen est 7 sur 10

Statistiques - réponses

PaysVilles% Correct
États-UnisNew York | Los Angeles | Chicago | Houston | Phoenix
97%
AustralieSydney | Melbourne | Brisbane | Perth | Adelaïde
96%
Pays-BasRotterdam | La Haye | Utrecht | Eindhoven | Almere
87%
JaponYokohama | Osaka | Nagoya | Sapporo | Kobe
76%
PologneCracovie | Lodz | Vratislavie | Posen | Dantzig
74%
AlgérieOran | Constantine | Annaba | Blida | Batna
58%
MexiqueGuadalajara | Puebla | Juarez | Tijuana | Leon
52%
Viêt NamHô-Chi-Minh-Ville | Haïphong | Dà Nang | Biên Hoa | Hué
52%
Arabie SaouditeDjeddah | La Mecque | Médine | Dammam | Taëf
50%
ArgentineCordoba | Rosario | Mendoza | Tucuman | La Plata
36%

Distribution des résultats

Percentile par nombre de réponses

% des personnes avec chaque résultat

Votre développement - résultats

Vous n’avez pas pris ce quiz